Представление документа в формате MARC21

Поле Инд. ПП Название Значение
Тип записи a
Библиографический уровень b
001 Контрольный номер DU/591976534
005 Дата корректировки 20200522191927.8
008 Кодируемые данные 20180827
040 b Код языка каталог. rus
e Правила каталог. PSBO
041 0_ a Код языка текста rus
084 a Индекс другой классификации/Индекс ББК 60.546.21
100 1_ a Автор Вершинина И. А.
q Полное имя Вершинина Инна Альфредовна
245 10 a Заглавие Социология города: истоки и основные направления исследований
504 a Библиография Библиогр.: с. 206
520 0_ a Аннотация Мир стремительно меняется: традиционно он был в основном сельским, однако постепенно он превращается в преимущественно урбанизированный. Рост городов - одна из основных современных тенденций; глобализация не привела к формированию постурбанистической эры. В статье предпринята попытка проследить развитие основных положений социологии города, начиная с анализа классиков социологии (К. Маркса, Ф. Энгельса, Г. Зиммеля, М. Вебера) и заканчивая концепцией глобальных городов (С. Сассен). Также рассматривается различие между урбанизацией и урбанизмом
650 14 a Основная рубрика социология
a Основная рубрика социология города
a Основная рубрика территориальные сообщества
653 1_ a Ключевые слова глобализм
a Ключевые слова глобальный город
a Ключевые слова города
a Ключевые слова история социологии
a Ключевые слова рост города
a Ключевые слова урбанизация
a Ключевые слова урбанизм
773 08 t Заглавие источника Вестник Московского университета. Серия 18, Социология и политология
d Дата издания источника 2012
g Прочая информация № 1. - С. 195 - 206
w Контрольный № источника RU/IS/BASE/392489925
901 t Тип документа b